Mechanics of deformable solids (Record no. 10458)

000 -LEADER
fixed length control field 00512nam a22001937a 4500
001 - CONTROL NUMBER
control field 10458
003 - CONTROL NUMBER IDENTIFIER
control field BD-DhUET
008 - FIXED-LENGTH DATA ELEMENTS--GENERAL INFORMATION
fixed length control field 150207b xxu||||| |||| 00| 0 eng d
040 ## - CATALOGING SOURCE
Transcribing agency DLC
Modifying agency BD-DhUET
082 ## - DEWEY DECIMAL CLASSIFICATION NUMBER
Classification number 620.1123
Item number SHA/1964
100 ## - MAIN ENTRY--PERSONAL NAME
Personal name Shames, Irving H.
245 ## - TITLE STATEMENT
Title Mechanics of deformable solids
250 ## - EDITION STATEMENT
Edition statement 1st ed.
260 ## - PUBLICATION, DISTRIBUTION, ETC. (IMPRINT)
Place of publication, distribution, etc. New Jersey
Name of publisher, distributor, etc. Prentice-Hall
Date of publication, distribution, etc. 1964
300 ## - PHYSICAL DESCRIPTION
Extent xii, 532 p.
Other physical details ill.
Dimensions 24cm.
504 ## - BIBLIOGRAPHY, ETC. NOTE
Bibliography, etc Includes bibliographies
650 #0 - SUBJECT ADDED ENTRY--TOPICAL TERM
Topical term or geographic name as entry element Deformable solids : mechanics
942 ## - ADDED ENTRY ELEMENTS (KOHA)
Koha item type General Book
Holdings
Withdrawn status Koha issues (times borrowed) Not for loan Sublocation or collection (holding branch) Piece designation (barcode) Price effective from Shelving location Koha full call number Date acquired Koha item type Location (home branch) Koha date last borrowed Copy number Source of classification or shelving scheme Koha normalized classification for sorting Damaged status Koha date last seen Lost status
 2 Central Library, BUET845062015-02-07Circulation section620.1123/SHA/19642015-02-07General BookCentral Library, BUET2024-06-091 620_112300000000000_SHA_1964 2024-09-11 
 1 Central Library, BUET100092015-04-22Circulation section620.1123/SHA/19642015-04-22General BookCentral Library, BUET2024-02-132 620_112300000000000_SHA_1964 2024-03-20